00337nam a2200097Ia 4500008004100000245008400041260003500125650001800160650001500178856004600193170221s9999 xx 000 0 und d aComparison & Magnitude Credibility: Whom to Trust When Reports are Conflicting? bThe Open Communication Journal xCommunication xMedia Arts uhttps://benthamopen.com/TOCOMMJ/VOLUME/8/